The effects of corruption on administrative performance : (Record no. 542434)
[ view plain ]
| 000 -LEADER | |
|---|---|
| fixed length control field | 00714cam a2200181 a 4500 |
| 020 ## - INTERNATIONAL STANDARD BOOK NUMBER | |
| International Standard Book Number | 0821302590 (pbk.) |
| 082 00 - DEWEY DECIMAL CLASSIFICATION NUMBER | |
| Classification number | 320.9172/4 |
| Author Mark | GOU |
| -- | D |
| 100 1# - MAIN ENTRY--PERSONAL NAME | |
| Personal name | Gould, David J. |
| 9 (RLIN) | 37600 |
| 245 14 - TITLE STATEMENT | |
| Title | The effects of corruption on administrative performance : |
| Remainder of title | illustrations from developing countries / |
| Statement of responsibility, etc. | David J. Gould, José A. Amaro-Reyes. |
| 260 ## - PUBLICATION, DISTRIBUTION, ETC. | |
| Place of publication, distribution, etc. | Washington, D.C., U.S.A. : |
| Name of publisher, distributor, etc. | World Bank, |
| Date of publication, distribution, etc. | 1983. |
| 300 ## - PHYSICAL DESCRIPTION | |
| Extent | 41 p. ; |
| Dimensions | 28 cm. |
| 490 1# - SERIES STATEMENT | |
| Series statement | World Bank staff working papers ; |
| -- | Management and development series ; |
| 526 ## - STUDY PROGRAM INFORMATION NOTE | |
| Program name | 0 |
| Interest level | 0 |
| Reading level | 0 |
| Title point value | 320_917240000000000_GOU |
| 650 #0 - SUBJECT ADDED ENTRY--TOPICAL TERM | |
| Topical term or geographic name entry element | MCE |
| 9 (RLIN) | 379 |
| 650 #0 - SUBJECT ADDED ENTRY--TOPICAL TERM | |
| Topical term or geographic name entry element | Political corruption |
| Geographic subdivision | Developing countries. |
| 9 (RLIN) | 37601 |
| 700 2# - ADDED ENTRY--PERSONAL NAME | |
| Personal name | Amaro-Reyes, José A., |
| 9 (RLIN) | 37602 |
| 942 ## - ADDED ENTRY ELEMENTS (KOHA) | |
| Source of classification or shelving scheme | |
| Koha item type | Book |
| Withdrawn status | Lost status | Source of classification or shelving scheme | Damaged status | Not for loan | Permanent Location | Current Location | Date acquired | Total Checkouts | Full call number | Barcode | Date last seen | Price effective from | Koha item type |
|---|---|---|---|---|---|---|---|---|---|---|---|---|---|
| Military College of Engineering (MCE) | Military College of Engineering (MCE) | 12/20/2013 | 320.9172/4 GOU | MCE-42531 | 12/20/2013 | 12/20/2013 | Book |
